The distribution of reparation from Germany. (Record no. 89967)

MARC details
000 -LEADER
fixed length control field 00760cam a22002411 4500
001 - CONTROL NUMBER
control field sd 46000033
003 - CONTROL NUMBER IDENTIFIER
control field DLC
005 - DATE AND TIME OF LATEST TRANSACTION
control field 20260227112735.0
008 - FIXED-LENGTH DATA ELEMENTS--GENERAL INFORMATION
fixed length control field 940923s1946 dcu 000 0 eng
010 ## - LIBRARY OF CONGRESS CONTROL NUMBER
LC control number sd 46000033
035 ## - SYSTEM CONTROL NUMBER
System control number (OCoLC)31214207
040 ## - CATALOGING SOURCE
Original cataloging agency DLC
Transcribing agency PPT
Modifying agency OCoLC
-- DLC
042 ## - AUTHENTICATION CODE
Authentication code premarc
050 00 - LIBRARY OF CONGRESS CALL NUMBER
Classification number D819.G3
Item number H6
100 1# - MAIN ENTRY--PERSONAL NAME
Personal name Howard, John B.
245 14 - TITLE STATEMENT
Title The distribution of reparation from Germany.
260 ## - PUBLICATION, DISTRIBUTION, ETC.
Place of publication, distribution, etc. [Washington,
Name of publisher, distributor, etc. U.S. Govt. print. off.,
Date of publication, distribution, etc. 1946]
300 ## - PHYSICAL DESCRIPTION
Extent 1 p.l., 21 p.
Dimensions 26 cm.
500 ## - GENERAL NOTE
General note "Reprinted from recent issues of the Department of state bulletin."
610 20 - SUBJECT ADDED ENTRY--CORPORATE NAME
Corporate name or jurisdiction name as entry element Inter-allied Reparation Agency.
611 10 - SUBJECT ADDED ENTRY--MEETING NAME
Meeting name or jurisdiction name as entry element Paris.
Name of meeting following jurisdiction name entry element Conference on reparation,
Date of meeting or treaty signing 1945.
650 #0 - SUBJECT ADDED ENTRY--TOPICAL TERM
Topical term or geographic name entry element World War, 1939-1945
General subdivision Reparations.

No items available.

Powered by Koha